000 00645nam a2200205Ia 4500
005 20250923145349.0
008 008 250917s9999 xx 000 0 eng d
037 _aTextual
040 _aDSWL
_beng
_cDSWL
041 _aeng
_2eng
084 _aV2.K<--C, N66.1;4
_qDSWL
100 _aSachchidananda
_9834520
245 0 _aSarvodaya and development : Multidisciplinary prospective from musahari
_c by Sachchidananda
260 _aPatna
_bA.N.S. Institute of Social Studies
_c1976
300 _av,120 p.
365 _aINR
_b27 . 0
925 _g27 . 0
942 _cTEXL
_hV2.K<--C, N66.1;4
999 _c1450485
_d1450485